=LDR 00000nam 2200000 4500 =001 INLIS000000000022688 =005 20130612121424 =008 ***********************************Ind** =035 ##$$0010-061300000022688 =041 ##$$a Ind =082 ##$$a 2x5.12 =090 ##$$a 2x5.12, Baz g =100 ##$$a Baz, Abdul Aziz =245 ##$$a Gaul atau murahan, Gaul yang asyik dan pas bagi remaja islam, Abdul Aziz Baz =260 ##$$a 2004 $b Yogyakarta =300 ##$$a 152 hlm, 19 cm =650 ##$$a Akhlak =850 ##$$a NBPNMAT